| 000 -LEADER |
| fixed length control field |
00522nam a22001817a 4500 |
| 008 - FIXED-LENGTH DATA ELEMENTS--GENERAL INFORMATION |
| fixed length control field |
150702b xxu||||| |||| 00| 0 eng d |
| 020 ## - INTERNATIONAL STANDARD BOOK NUMBER |
| International Standard Book Number |
0028141490 |
| 041 0# - LANGUAGE CODE |
| Language code of text/sound track or separate title |
eng |
| 080 ## - UNIVERSAL DECIMAL CLASSIFICATION NUMBER |
| Universal Decimal Classification number |
331 |
| 100 ## - Rafti |
| Rafti |
Brown, Betty J.; Clow, john E.; |
| 245 ## - TITLE STATEMENT |
| Title |
Introduction to business : |
| Statement of responsibility, etc |
Betty J. Brown; John E. Clow; |
| 260 ## - |
| -- |
Ohio: |
| -- |
McGraw-Hill; |
| -- |
1997. |
| 300 ## - |
| -- |
686 f.: |
| -- |
me il.; |
| -- |
25 cm. |
| 505 ## - |
| -- |
Index: f. 675-685 |
| 650 #0 - |
| -- |
Biznesi |
| 650 #0 - |
| -- |
Ekonomiks |
| 942 ## - ADDED ENTRY ELEMENTS (KOHA) |
| Source of classification or shelving scheme |
|
| Item type |
Books |